000 00418nam a2200181Ia 4500
001 18229
005 20260306171615.0
008 260306s9999||||xx |||||||||||||| ||und||
041 _aESP
082 _a658.4013
_bR78
100 _aRojas López, Miguel David
_eAUT
245 0 _aSistemas de control de gestión
260 _c2012
300 _a
_c
650 _aGEN
654 _aCAN
942 _cLIB
_dJUS
_fJUS
_2ddc
_n
999 _c18229
_d18229